• 首页
  • 本馆介绍
  • 公告通知
  • 最新文献
  • 馆藏检索
  • 电子资源
  • 读者导购
  • 参考咨询
  • 我的图书馆
  • 登录
  • 详细信息显示
  • 放入我的书架
  • 预约/预借图书
  • 作者相关作品
  • 分类相关作品
  • 丛书相关作品
  • 出版社相关作品

书目信息

  • 表格格式
  • 工作单格式
  • 卡片格式
题名:
写给祖国青年朋友们
    
 
作者:
分册:  
出版信息: 成都   四川人民出版社  1980
页数: 253页
开本: 19cm
丛书名:
单 册:
中图分类: I253 , D432.6
科图分类:
主题词: 青年组织 , 通迅--中国--现代 , 青年运动 , 学生运动 , 学生组织
电子资源:
ISBN:
000 00797nam0 2200289 45
001 0180001714
005 20060813090220.67
010    @dCNY0.59
091    @a3118.172
100    @a19950518d1980 em y0chiy0121 ea
101 0  @achi
102    @aCN@b510000
105    @ay z 000zy
200 10 @a写给祖国青年朋友们@Axie gei zu guo qing nian peng you men@e美国、香港社会见闻
210    @a成都@c四川人民出版社@d1980@g1981
215    @a253页@d19cm
517 1  @a美国、香港社会见闻@Amei guo xiang gang she hui jian wen
606 0  @a青年组织
606    @a通迅@y中国@z现代
606 0  @a青年运动
606 0  @a学生运动
606 0  @a学生组织
690    @aI253@v3
690    @aD432.6
801  0 @aCN@b上海图书馆@c20060813
801  2 @aCN@bNLC@c20060728
905    @f2@b67729-730@dD432.6@e39
    
    写给祖国青年朋友们:美国、香港社会见闻.-成都:四川人民出版社,1980(1981)
    253页;19cm
    
    
    ISBN :CNY0.59
    
●
相关链接 在E读中查询图书 在五车中查询图书 在当当中查询图书 在豆瓣中查询图书


正题名:写给祖国青年朋友们     索取号:D432.6/39         预约/预借

序号 登录号 条形码 馆藏地/架位号 状态 备注
1 0067726   001760115   密集书库/ [索取号:D432.6/39] 在馆    
2 0067727   001839390   密集书库/ [索取号:D432.6/39] 在馆    
3 0067728   001839434   密集书库/ [索取号:D432.6/39] 在馆    
4 0067729   000382099   第一样本阅览室/ [索取号:D432.6/39] 在馆    
5 0067730   000382106   密集书库/ [索取号:D432.6/39] 在馆    
6 0440508   204405081   密集书库/ [索取号:D432.6/39] 在馆    
7 0459128   204591281   密集书库/ [索取号:D432.6/39] 在馆    
唐山师范学院图书馆 欢迎您!
大连网信软件有限公司© 版权所有